000
00294 a2200145 4500
001
167717
020
_a
040
_c
Magnum
100
_a
Ricoeur, Paul
240
1
0
_a
Teoria da interpretacao
_l
por
245
1
0
_a
Teoria da interpretacao
362
0
_a
1899
697
_a
GERAL
942
_c
BK
999
_c
167717
_d
167717